000 00995nmc a2200301 a 4500
003 AR-BaBNM
005 20251128205923.0
008 108019s1975 ||||||||||||||000 | spa||
040 _cAR-BaBNM
100 1 _aDoll, Ramón
_d1894-1970
245 1 0 _aAcerca de una Política Nacional ;
_bDel Servicio Secreto inglés al judío Dickmann ; Itinerario de la Revolución Rusa de 1917 ; Hacia la Liberación ; Reconocimientos
260 _aBuenos Aires
_bDictio
_c1975
300 0 _a474 p.
_bláms.
490 0 _aBiblioteca del pensamiento nacionalista argentino
650 4 _aNACIONALISMO CULTURAL
650 4 _aIDENTIDAD NACIONAL
650 4 _aESTEREOTIPO NACIONAL
650 4 _aIDEOLOGIAS
650 4 _aPATRIOTISMO
650 4 _aCIENCIAS POLITICAS
650 4 _aCOMUNISMO
650 4 _aIGLESIA
700 1 _aBandieri, Luis María
_eprologuista
700 1 _aGonzález Silvano, Francisco
_eprologuista
700 1 _aIrazusta, Julio
_eprologuista
942 _cBK
998 _cMariana
999 _c13310
_d13310